Italian Language -ARE Verbs - Statistics

General Stats
  • This quiz has been taken 105 times
    45 since last reset
  • The average score is 13 of 18
Answer Stats
Hint Answer % Correct
to eat mangiare
92%
to speak parlare
92%
to think pensare
92%
to love amare
85%
to begin inizare
85%
to help aiutare
77%
to play giocare
77%
to work lavorare
77%
to bring/carry portare
77%
to listen ascoltare
69%
to walk camminare
69%
to look/watch guardare
69%
to remember ricordare
69%
to explain spiegare
69%
to call chiamare
62%
to learn imparare
62%
to teach insegnare
62%
to leave lasciare
62%
No matching quizzes found
Score Distribution
Percent of People with Each Score
Percentile by Number Answered
Your Score History
You have not taken this quiz since the last reset